Estructuración de un sistema de certificación turística sostenible para una organización internacional : división de turismo sostenible
Saved in:
| Main Author: | |
|---|---|
| Other Authors: | , |
| Format: | Book |
| Published: |
[San José, Costa Rica]
2003
|
| Subjects: | |
| Tags: |
Add Tag
No Tags, Be the first to tag this record!
|
MARC
| LEADER | 00000nam a2200000Ia 4500 | ||
|---|---|---|---|
| 003 | 009464 | ||
| 005 | 20221231144133.0 | ||
| 008 | 140114s2003 cr a m 000 ||s d | ||
| 040 | |c cru CEDI | ||
| 090 | |a TFG 5005 | ||
| 100 | |a Murillo Ortiz, Johan |9 6147 | ||
| 245 | |a Estructuración de un sistema de certificación turística sostenible para una organización internacional : división de turismo sostenible | ||
| 260 | |c 2003 |a [San José, Costa Rica] | ||
| 300 | |a 4 volúmenes : ilustraciones | ||
| 500 | |a Proyecto de graduación (licenciatura en ingeniería industrial)--Universidad de Costa Rica. Facultad de Ingeniería. Escuela de Ingeniería Industrial | ||
| 650 | |x TURISMO ECOLOGICO |x NORMAS DE CALIDAD |x CONTROL DE CALIDAD |x DESARROLLO TURISTICO |x DESARROLLO SOSTENIBLE |9 6150 | ||
| 700 | |9 6148 |a Ramírez Montoya, Martina | ||
| 700 | |9 6149 |a Solís Sierra, Sara | ||
| 942 | |c TFG | ||
| 999 | |c 17418 |d 17418 | ||
